Cách xác định hàm ý hội thoại trong văn học
Guardado en:
| Autor principal: | |
|---|---|
| Formato: | Libro |
| Lenguaje: | Undetermined |
| Materias: | |
| Acceso en línea: | http://lrc.tdmu.edu.vn/opac/search/detail.asp?aID=2&ID=18964 |
| Etiquetas: |
Agregar Etiqueta
Sin Etiquetas, Sea el primero en etiquetar este registro!
|
| Thư viện lưu trữ: | Trung tâm Học liệu Trường Đại học Thủ Dầu Một |
|---|
| LEADER | 00594nam a2200145Ia 4500 | ||
|---|---|---|---|
| 001 | TDMU_18964 | ||
| 008 | 210410s9999 xx 000 0 und d | ||
| 082 | |a 808.56 | ||
| 100 | |a Nguyễn, Hoàng Tuấn | ||
| 245 | 0 | |a Cách xác định hàm ý hội thoại trong văn học | |
| 245 | 0 | |c Nguyễn Hoàng Tuấn | |
| 300 | |a Tr.10-18 | ||
| 650 | |a Hội thoại trong văn học |x Hàm ý; Hội thoại; Văn học; Ngôn từ | ||
| 856 | |u http://lrc.tdmu.edu.vn/opac/search/detail.asp?aID=2&ID=18964 | ||
| 980 | |a Trung tâm Học liệu Trường Đại học Thủ Dầu Một | ||